[Event "La Palma Island op"]
[Site "Santa Cruz de La Palma"]
[Date "2022.08.11"]
[Round "8"]
[White "Baeza Escudero, Javier"]
[Black "Acosta Sosa, Juan Manuel"]
[Result "0-1"]
[WhiteElo "1877"]
[BlackElo "2310"]
[PlyCount "82"]
[EventDate "2022.08.06"]
[EventType "swiss"]
[EventRounds "9"]
[EventCountry "ESP"]
[SourceTitle "CBM 209 Extra"]
[Source "ChessBase"]
[SourceDate "2022.09.30"]
[SourceVersion "1"]
[SourceVersionDate "2022.09.30"]
[SourceQuality "1"]

1. e4 c5 2. Nf3 Nc6 3. d4 cxd4 4. Nxd4 g6 5. Nc3 Bg7 6. Be3 Nf6 7. Bc4 0-0 8. 0-0 d6 9. Bb3 Ng4 10. Nxc6 bxc6 11. Bd2 Ne5 12. h3 Ba6 13. Re1 Rb8 14. Bc1 Qa5 15. f4 Nc4 16. Qf3 e6 17. Rd1 Rfd8 18. Kh1 d5 19. Bxc4 Bxc4 20. e5 c5 21. b3 Ba6 22. Bd2 Qc7 23. Rab1 Bf8 24. a3 Bb7 25. Qe2 a6 26. Be1 Qc6 27. Qf3 Be7 28. Ne2 Qb5 29. Nc3 Qb6 30. Qe2 Rf8 31. Bf2 Qc6 32. Qf3 Rbc8 33. Ne2 Qc7 34. Qg3 f6 35. Ng1 fxe5 36. fxe5 Rf5 37. Nf3 Rcf8 38. Re1 d4 39. Qg4 Rxf3 40. Qxe6+ R3f7 41. Bg3 Qc6 0-1

[Event "La Palma Island op"]
[Site "Santa Cruz de La Palma"]
[Date "2022.08.10"]
[Round "7"]
[White "Acosta Sosa, Juan Manuel"]
[Black "Perez Bolanos, David"]
[Result "0-1"]
[WhiteElo "2310"]
[BlackElo "2128"]
[PlyCount "78"]
[EventDate "2022.08.06"]
[EventType "swiss"]
[EventRounds "9"]
[EventCountry "ESP"]
[SourceTitle "CBM 209 Extra"]
[Source "ChessBase"]
[SourceDate "2022.09.30"]
[SourceVersion "1"]
[SourceVersionDate "2022.09.30"]
[SourceQuality "1"]

1. c4 c6 2. g3 d5 3. Bg2 Nf6 4. Nf3 dxc4 5. Qc2 Qd5 6. Na3 Be6 7. 0-0 Nbd7 8. Rd1 g6 9. d3 cxd3 10. Rxd3 Qh5 11. Rd4 Bg7 12. h3 Qc5 13. Qd1 0-0 14. Ng5 Nd5 15. Re4 N7b6 16. Nxe6 fxe6 17. Qe1 Rf7 18. Rb1 Raf8 19. Bf3 e5 20. Bd2 Nf6 21. Be3 Qd6 22. Rh4 Qe6 23. b3 e4 24. Bg2 Nbd5 25. Nc2 Nxe3 26. Nxe3 g5 27. Rg4 Nxg4 28. Nxg4 h5 29. Nh2 Qf5 30. f3 exf3 31. exf3 Qe5 32. Nf1 Qxe1 33. Rxe1 Bd4+ 34. Kh2 e5 35. Rd1 Rd7 36. Ne3 Rfd8 37. Nf5 h4 38. gxh4 gxh4 39. Bf1 Bg1+ 0-1

[Event "La Palma Island op"]
[Site "Santa Cruz de La Palma"]
[Date "2022.08.09"]
[Round "5"]
[White "Acosta Sosa, Juan Manuel"]
[Black "Perez Perez, Alejandro"]
[Result "1-0"]
[WhiteElo "2310"]
[BlackElo "1994"]
[PlyCount "81"]
[EventDate "2022.08.06"]
[EventType "swiss"]
[EventRounds "9"]
[EventCountry "ESP"]
[SourceTitle "CBM 209 Extra"]
[Source "ChessBase"]
[SourceDate "2022.09.30"]
[SourceVersion "1"]
[SourceVersionDate "2022.09.30"]
[SourceQuality "1"]

1. f4 d5 2. Nf3 Nf6 3. b3 c5 4. Bb2 e6 5. e3 Bd6 6. Be2 Nc6 7. 0-0 0-0 8. Ne5 Nd7 9. Nxc6 bxc6 10. c4 e5 11. Nc3 Nf6 12. cxd5 cxd5 13. Nb5 e4 14. Nxd6 Qxd6 15. Rc1 Nd7 16. Bb5 Qb6 17. Ba4 Rd8 18. Qh5 Nf6 19. Qh4 Ba6 20. Rf2 Rac8 21. g4 d4 22. g5 Nd5 23. f5 dxe3 24. dxe3 Nxe3 25. f6 Nd1 26. g6 fxg6 27. f7+ Kf8 28. Qxh7 Nxb2 29. Qg8+ Ke7 30. Qxg7 Rf8 31. Qe5+ Qe6 32. Qg5+ Kd6 33. Rf6 Rxf7 34. Rxe6+ Kxe6 35. Rxc5 Rxc5 36. Qxc5 Bb7 37. Bc6 Rf5 38. Qc1 Bxc6 39. Qxc6+ Kf7 40. Qxe4 Kg8 41. Qe2 1-0

[Event "La Palma Island op"]
[Site "Santa Cruz de La Palma"]
[Date "2022.08.07"]
[Round "2"]
[White "Perogio, Lorenzo"]
[Black "Acosta Sosa, Juan Manuel"]
[Result "0-1"]
[WhiteElo "1890"]
[BlackElo "2310"]
[PlyCount "46"]
[EventDate "2022.08.06"]
[EventType "swiss"]
[EventRounds "9"]
[EventCountry "ESP"]
[SourceTitle "CBM 209 Extra"]
[Source "ChessBase"]
[SourceDate "2022.09.30"]
[SourceVersion "1"]
[SourceVersionDate "2022.09.30"]
[SourceQuality "1"]

1. e4 c5 2. Nc3 Nc6 3. f4 g6 4. Nf3 Bg7 5. Bb5 Nd4 6. 0-0 a6 7. Bd3 e6 8. Ne2 Nxf3+ 9. Rxf3 d5 10. c3 Ne7 11. Ng3 0-0 12. Bc2 b5 13. f5 Nc6 14. Rf1 d4 15. cxd4 Nxd4 16. fxg6 hxg6 17. d3 Ra7 18. Ne2 Qh4 19. g3 Qh8 20. Rb1 Rd7 21. b3 Bb7 22. Bg5 Qh5 23. Nxd4 Bxd4+ 0-1

[Event "Isla de la Palma Semana Santa op 3rd"]
[Site "Isla de la Palma"]
[Date "2018.03.27"]
[Round "5"]
[White "Acosta Sosa, Juan Manuel"]
[Black "Fernandez Arce, Aketza"]
[Result "1-0"]
[WhiteElo "2294"]
[BlackElo "1654"]
[PlyCount "69"]
[EventDate "2018.03.24"]
[EventType "swiss"]
[EventRounds "7"]
[EventCountry "ESP"]
[SourceTitle "CBM 183 Extra"]
[Source "ChessBase"]
[SourceDate "2018.04.19"]
[SourceVersion "1"]
[SourceVersionDate "2018.04.19"]
[SourceQuality "1"]

1. Nf3 Nf6 2. d4 g6 3. c4 Bg7 4. g3 0-0 5. Bg2 d6 6. 0-0 Nbd7 7. Nc3 Rb8 8. b3 c6 9. a4 a6 10. a5 b5 11. axb6 Qxb6 12. Ra3 c5 13. Bb2 Bb7 14. d5 Bc8 15. Qd2 Qb4 16. Rb1 Ng4 17. h3 Nge5 18. Ne1 f5 19. Kh2 Nf6 20. f4 Nf7 21. Qe3 Re8 22. Nb5 Nh6 23. Bxf6 Bxf6 24. Nc2 Rxb5 25. Nxb4 Rxb4 26. Qd3 Nf7 27. Ra4 Rb6 28. e4 fxe4 29. Bxe4 Kg7 30. g4 Bd7 31. Ra2 Reb8 32. g5 Bd4 33. h4 Rh8 34. h5 Bg4 35. h6+ 1-0

[Event "Isla de la Palma Semana Santa op 3rd"]
[Site "Isla de la Palma"]
[Date "2018.03.25"]
[Round "3"]
[White "Acosta Sosa, Juan Manuel"]
[Black "Rodriguez Bittar, Karim Javier"]
[Result "1-0"]
[WhiteElo "2294"]
[BlackElo "1931"]
[PlyCount "83"]
[EventDate "2018.03.24"]
[EventType "swiss"]
[EventRounds "7"]
[EventCountry "ESP"]
[SourceTitle "CBM 183 Extra"]
[Source "ChessBase"]
[SourceDate "2018.04.19"]
[SourceVersion "1"]
[SourceVersionDate "2018.04.19"]
[SourceQuality "1"]

1. d4 Nf6 2. Nf3 d5 3. Bf4 e6 4. e3 Bd6 5. Bxd6 Qxd6 6. Nbd2 Nbd7 7. c4 c6 8. Bd3 e5 9. cxd5 Nxd5 10. 0-0 exd4 11. Nxd4 0-0 12. Ne4 Qc7 13. Rc1 N7f6 14. Ng3 g6 15. Qd2 Re8 16. Rfe1 Be6 17. e4 Qf4 18. Qa5 Nb6 19. Nde2 Qh4 20. f3 Red8 21. Red1 Qh6 22. Nf1 Nbd7 23. Qc3 c5 24. b3 b6 25. Bc4 Bxc4 26. bxc4 Qg7 27. Ne3 Nf8 28. Qa3 Qh6 29. e5 Ne8 30. Nd5 Ne6 31. f4 Qg7 32. Qe3 N6c7 33. Rd3 f5 34. Rcd1 Ne6 35. Qf2 Qf7 36. Qh4 Rd7 37. g4 Rad8 38. gxf5 Qxf5 39. Ne7+ Rxe7 40. Rxd8 Nxd8 41. Qxe7 Qg4+ 42. Kf2 1-0

[Event "Isla de la Palma Semana Santa op 3rd"]
[Site "Isla de la Palma"]
[Date "2018.03.25"]
[Round "2"]
[White "Alonso Perez, Alfredo"]
[Black "Acosta Sosa, Juan Manuel"]
[Result "0-1"]
[WhiteElo "1764"]
[BlackElo "2294"]
[PlyCount "40"]
[EventDate "2018.03.24"]
[EventType "swiss"]
[EventRounds "7"]
[EventCountry "ESP"]
[SourceTitle "CBM 183 Extra"]
[Source "ChessBase"]
[SourceDate "2018.04.19"]
[SourceVersion "1"]
[SourceVersionDate "2018.04.19"]
[SourceQuality "1"]

1. d4 c5 2. d5 Nf6 3. c4 b5 4. cxb5 a6 5. b6 e6 6. Nc3 Nxd5 7. Nxd5 exd5 8. Qxd5 Nc6 9. e4 Be7 10. Bc4 0-0 11. Nf3 Rb8 12. 0-0 Rxb6 13. b3 d6 14. Bb2 Bg4 15. Ne1 Bf6 16. Qd2 Qe7 17. Bxf6 Qxf6 18. Nc2 Ne5 19. Bd5 Nf3+ 20. gxf3 Bxf3 0-1

[Event "ESP-chT CECLUB Div2"]
[Site "Padron"]
[Date "2015.08.05"]
[Round "3.1"]
[White "Fernandez Romero, Ernesto"]
[Black "Acosta Sosa, Juan Manuel"]
[Result "1-0"]
[WhiteElo "2488"]
[BlackElo "2326"]
[PlyCount "51"]
[EventDate "2015.08.04"]
[EventType "team"]
[EventRounds "6"]
[EventCountry "ESP"]
[SourceTitle "EXT 2016"]
[Source "ChessBase"]
[SourceDate "2015.10.08"]
[SourceVersion "1"]
[SourceVersionDate "2015.10.08"]
[SourceQuality "1"]
[WhiteTeam "Oromana Schneider Electric"]
[BlackTeam "Naranco Ajedrez"]
[WhiteTeamCountry "ESP"]
[BlackTeamCountry "ESP"]

1. e4 c5 2. Nf3 Nc6 3. d4 cxd4 4. Nxd4 e6 5. Nc3 Qc7 6. Nxc6 bxc6 7. Bd3 d5 8. 0-0 Bd6 9. f4 Ne7 10. Kh1 h5 11. Bd2 Rb8 12. b3 Bc5 13. Qf3 g6 14. Rae1 Kf8 15. Na4 Bb6 16. Nxb6 Qxb6 17. c4 d4 18. f5 exf5 19. Bg5 Rb7 20. exf5 Nxf5 21. Qe4 c5 22. Qe5 Rh7 23. Qe8+ Kg7 24. Qxc8 Rh8 25. Re8 Rc7 26. Qd8 1-0

[Event "Las Palmas Montalvo Memorial 6th"]
[Site "Las Palmas"]
[Date "2013.03.29"]
[Round "7"]
[White "Vega Gutierrez, Sabrina Neide"]
[Black "Acosta Sosa, Juan Manuel"]
[Result "1-0"]
[WhiteElo "2364"]
[BlackElo "2150"]
[PlyCount "83"]
[EventDate "2013.03.25"]
[EventType "swiss"]
[EventRounds "9"]
[EventCountry "ESP"]
[SourceTitle "CBM 153 Extra"]
[Source "ChessBase"]
[SourceDate "2013.04.22"]
[SourceVersion "1"]
[SourceVersionDate "2013.04.22"]
[SourceQuality "1"]

1. d4 d5 2. c4 c6 3. Nf3 Nf6 4. e3 a6 5. Bd2 Nbd7 6. Qc2 Ne4 7. Bd3 f5 8. cxd5 cxd5 9. Bb4 Qb6 10. Ba3 Qa5+ 11. Nbd2 Ndf6 12. Ne5 Nd7 13. Bxe4 fxe4 14. 0-0 Nxe5 15. dxe5 Bd7 16. Nb3 Qb6 17. Nd4 e6 18. Bxf8 Rxf8 19. Rac1 Rc8 20. Qe2 Kf7 21. b3 Kg8 22. Qg4 Rxc1 23. Rxc1 Rc8 24. Rxc8+ Bxc8 25. Qh5 Qd8 26. a4 g6 27. Qg4 Qc7 28. f4 Qe7 29. h4 Bd7 30. Kh2 Kg7 31. h5 Kh6 32. hxg6 hxg6 33. a5 Kg7 34. Kh3 Qc5 35. Qh4 Qc1 36. Kg4 Qxe3 37. Qe7+ Kh6 38. Qd8 Kh7 39. Qxd7+ Kh6 40. Qd8 Kh7 41. Qh4+ Kg8 42. Nxe6 1-0

[Event "Benidorm Nuevas Generaciones U16 8th"]
[Site "Benidorm"]
[Date "2012.12.06"]
[Round "2"]
[White "Acosta Sosa, Juan Manuel"]
[Black "Domingo Nunez, Alejandro"]
[Result "1-0"]
[WhiteElo "2167"]
[BlackElo "1849"]
[PlyCount "73"]
[EventDate "2012.12.05"]
[EventType "swiss"]
[EventRounds "7"]
[EventCountry "ESP"]
[SourceTitle "EXT 2022"]
[Source "ChessBase"]
[SourceDate "2021.10.06"]
[SourceVersion "1"]
[SourceVersionDate "2021.10.06"]
[SourceQuality "1"]

1. d4 Nf6 2. g3 g6 3. Bg2 Bg7 4. c4 d6 5. Nc3 0-0 6. d5 c5 7. Nf3 Nbd7 8. h3 a6 9. 0-0 Rb8 10. a4 Ne8 11. e4 Qa5 12. Ra3 Qb4 13. Qd3 b5 14. axb5 axb5 15. Nxb5 Rxb5 16. cxb5 c4 17. Qd2 Qxb5 18. Nd4 Qb7 19. Nc6 e5 20. Ra7 Qb6 21. Ne7+ Kh8 22. Nxc8 Qd8 23. Nxd6 Nxd6 24. Qb4 Nf6 25. Re1 h6 26. Bd2 Nfe8 27. Bc3 Qc8 28. Rea1 Qd8 29. R1a6 Nc8 30. Ra8 Nc7 31. Qxc4 Nxa8 32. Rxa8 Kh7 33. Qc6 Qe8 34. Bf1 f5 35. Ba6 fxe4 36. Qxe8 Rxe8 37. Rxc8 1-0

[Event "ESP-ch U18"]
[Site "Salobrena"]
[Date "2012.07.29"]
[Round "9"]
[White "Acosta Sosa, Juan Manuel"]
[Black "Arnedo Ruiz, Alberto"]
[Result "1/2-1/2"]
[WhiteElo "2166"]
[BlackElo "2124"]
[PlyCount "69"]
[EventDate "2012.07.23"]
[EventType "swiss"]
[EventRounds "9"]
[EventCountry "ESP"]
[SourceTitle "EXT 2014"]
[Source "ChessBase"]
[SourceDate "2013.11.20"]
[SourceVersion "1"]
[SourceVersionDate "2013.11.20"]
[SourceQuality "1"]

1. c4 c5 2. Nc3 Nc6 3. g3 g6 4. Bg2 Bg7 5. e3 e5 6. Nge2 Nge7 7. 0-0 0-0 8. a3 d6 9. Rb1 a5 10. d3 Rb8 11. Bd2 Bf5 12. Qc2 Qd7 13. Nd5 b6 14. Nec3 Bh3 15. b4 Bxg2 16. Kxg2 axb4 17. axb4 cxb4 18. Nxb4 Nxb4 19. Rxb4 d5 20. Rfb1 dxc4 21. dxc4 Rfc8 22. Kg1 Rd8 23. Be1 h5 24. Rxb6 Rxb6 25. Rxb6 h4 26. Qe4 h3 27. c5 Rc8 28. Rb7 Qe6 29. Qb4 Nd5 30. Qc4 Nxc3 31. Qxe6 fxe6 32. Bxc3 Rxc5 33. Be1 Rc1 34. Kf1 e4 35. Rb3 1/2-1/2

[Event "ESP-ch U18"]
[Site "Salobrena"]
[Date "2012.07.25"]
[Round "4"]
[White "Urriza Iricibar, Pablo"]
[Black "Acosta Sosa, Juan Manuel"]
[Result "1-0"]
[WhiteElo "1978"]
[BlackElo "2166"]
[PlyCount "43"]
[EventDate "2012.07.23"]
[EventType "swiss"]
[EventRounds "9"]
[EventCountry "ESP"]
[SourceTitle "EXT 2014"]
[Source "ChessBase"]
[SourceDate "2013.11.20"]
[SourceVersion "1"]
[SourceVersionDate "2013.11.20"]
[SourceQuality "1"]

1. e4 c5 2. Nf3 Nc6 3. d4 cxd4 4. Nxd4 g6 5. Bc4 Bg7 6. Be3 Nf6 7. Nc3 0-0 8. Bb3 d6 9. f3 Bd7 10. Qd2 Ne5 11. 0-0-0 Rc8 12. Kb1 Nc4 13. Bxc4 Rxc4 14. h4 h5 15. g4 Kh7 16. Nd5 Rg8 17. Nxf6+ Bxf6 18. gxh5 gxh5 19. e5 Rxd4 20. Bxd4 dxe5 21. Qd3+ Kh8 22. Bc3 1-0

[Event "ESP-ch U18"]
[Site "Salobrena"]
[Date "2012.07.23"]
[Round "1"]
[White "Acosta Sosa, Juan Manuel"]
[Black "Martin Morientes, Javier"]
[Result "1-0"]
[WhiteElo "2166"]
[BlackElo "1835"]
[PlyCount "105"]
[EventDate "2012.07.23"]
[EventType "swiss"]
[EventRounds "9"]
[EventCountry "ESP"]
[SourceTitle "EXT 2014"]
[Source "ChessBase"]
[SourceDate "2013.11.20"]
[SourceVersion "1"]
[SourceVersionDate "2013.11.20"]
[SourceQuality "1"]

1. d4 Nf6 2. c4 g6 3. g3 Bg7 4. Bg2 0-0 5. Nf3 d6 6. 0-0 Nbd7 7. Nc3 e5 8. dxe5 dxe5 9. h3 c6 10. Be3 Qa5 11. Qc1 Re8 12. Rd1 Nb6 13. b3 Bf5 14. g4 Be6 15. Ng5 Nc8 16. Rb1 Qc7 17. Rb2 Nb6 18. Rbd2 Rad8 19. Nxe6 fxe6 20. Bg5 Rxd2 21. Qxd2 Qf7 22. Ne4 Nxe4 23. Bxe4 Rf8 24. Be3 Bf6 25. Qa5 Bh4 26. f3 Nc8 27. Qxe5 Bd8 28. g5 Bc7 29. Qc3 Nd6 30. Qc2 Qe7 31. Bc1 Nf5 32. Bxf5 Rxf5 33. Kh1 Qc5 34. Rf1 Qd6 35. e4 Rf7 36. Qf2 Qf8 37. f4 Bxf4 38. Bxf4 e5 39. Qxa7 Rxf4 40. Rxf4 Qxf4 41. Qb8+ Kg7 42. Qxb7+ Kg8 43. Qc8+ Kg7 44. Qd7+ Kg8 45. Qe6+ Kg7 46. Qf6+ Qxf6 47. gxf6+ Kxf6 48. a4 Ke6 49. a5 Kd6 50. b4 Kc7 51. Kg2 g5 52. h4 g4 53. h5 1-0

[Event "ESP-ch U16"]
[Site "Salobrena"]
[Date "2012.07.18"]
[Round "5"]
[White "Martin Garcia, Guillermo Li"]
[Black "Acosta Sosa, Juan Manuel"]
[Result "1-0"]
[WhiteElo "1963"]
[BlackElo "2166"]
[PlyCount "137"]
[EventDate "2012.07.16"]
[EventType "swiss"]
[EventRounds "9"]
[EventCountry "ESP"]
[SourceTitle "EXT 2014"]
[Source "ChessBase"]
[SourceDate "2013.11.20"]
[SourceVersion "1"]
[SourceVersionDate "2013.11.20"]
[SourceQuality "1"]

1. e4 c5 2. Nf3 Nc6 3. c3 d5 4. exd5 Qxd5 5. d4 Nf6 6. Be2 e6 7. 0-0 Be7 8. Be3 cxd4 9. cxd4 0-0 10. Nc3 Qd6 11. h3 a6 12. Qd2 b5 13. Rac1 Bb7 14. Rfd1 Nb4 15. Bf4 Qb6 16. a4 Nbd5 17. axb5 Nxc3 18. bxc3 axb5 19. Rb1 b4 20. cxb4 Nd5 21. b5 Ra4 22. Be5 Bb4 23. Qc2 Qa5 24. Nd2 Nc3 25. Nc4 Qa7 26. Rxb4 Nxe2+ 27. Qxe2 Rxb4 28. Bd6 Rxb5 29. Bxf8 Kxf8 30. Ne5 Qa4 31. Rc1 Kg8 32. Nxf7 Kxf7 33. Rc7+ Kf6 34. Qg4 Rg5 35. Qf4+ Kg6 36. Rxb7 Qc6 37. Rxg7+ Kxg7 38. Qxg5+ Kf7 39. Qf4+ Kg7 40. Qg4+ Kh8 41. g3 Qd5 42. h4 Qc6 43. h5 Qc1+ 44. Kg2 Qh6 45. Qh4 Kg8 46. d5 exd5 47. Qd8+ Kg7 48. Qd7+ Kf8 49. Qxd5 Qb6 50. Qf5+ Kg7 51. Qg5+ Kf7 52. h6 Qc6+ 53. Kh2 Qc2 54. Qg7+ Ke6 55. Qg4+ Ke7 56. Qf4 Qg6 57. Kh3 Qe6+ 58. Kh4 Qc6 59. Qe5+ Kf7 60. Qg7+ Ke6 61. Qxh7 Qh1+ 62. Kg4 Qd1+ 63. f3 Kf6 64. Qf5+ Ke7 65. h7 Qa1 66. Qg5+ Kd7 67. Qg8 Qd4+ 68. Kh3 Qg4+ 69. fxg4 1-0

[Event "ESP-ch U16"]
[Site "Salobrena"]
[Date "2012.07.17"]
[Round "3"]
[White "Acosta Sosa, Juan Manuel"]
[Black "Montoya Pecurul, Marc"]
[Result "1-0"]
[WhiteElo "2166"]
[BlackElo "1903"]
[PlyCount "162"]
[EventDate "2012.07.16"]
[EventType "swiss"]
[EventRounds "9"]
[EventCountry "ESP"]
[SourceTitle "EXT 2014"]
[Source "ChessBase"]
[SourceDate "2013.11.20"]
[SourceVersion "1"]
[SourceVersionDate "2013.11.20"]
[SourceQuality "1"]

1. c4 e6 2. Nf3 d5 3. b3 Nf6 4. Bb2 Be7 5. cxd5 exd5 6. e3 0-0 7. d4 b6 8. Bd3 Bb7 9. Nbd2 Nbd7 10. Ne5 c5 11. 0-0 Rc8 12. f4 Ne4 13. Qe2 Nxd2 14. Qxd2 Nxe5 15. fxe5 c4 16. Bf5 Rc7 17. Rad1 b5 18. Bc3 Rc6 19. Ba5 Qe8 20. bxc4 Rxc4 21. Bd3 Ra4 22. Bc2 Rc4 23. Bb3 Rc8 24. Rf3 Qc6 25. Rdf1 Qg6 26. R3f2 Bg5 27. Bb4 Qe4 28. Rf3 Rfe8 29. Qe2 Rc7 30. Ba5 Rce7 31. Bc2 Qg4 32. Bxh7+ Kxh7 33. Rh3+ Qxh3 34. gxh3 f6 35. h4 Bh6 36. Bb4 Re6 37. Bd6 fxe5 38. Bxe5 Rg6+ 39. Kf2 Bc8 40. Qc2 Bh3 41. h5 Rf8+ 42. Bf4 Bxf4 43. hxg6+ Kh6 44. exf4 Bxf1 45. Kxf1 Rxf4+ 46. Kg2 Rxd4 47. Kf3 Ra4 48. Qd2+ Kxg6 49. Qxd5 a6 50. h4 Ra3+ 51. Kf4 Ra4+ 52. Kg3 Ra3+ 53. Kf2 Ra4 54. h5+ Kf6 55. Qd6+ Kf7 56. Kf3 Kg8 57. Ke3 Kf7 58. Kd3 Kg8 59. Kc3 Kh7 60. Qg6+ Kh8 61. Kb3 Rh4 62. Qxa6 Rxh5 63. Qg6 Re5 64. Kb4 Kg8 65. Qg3 Rh5 66. Qg4 Re5 67. Ka5 Kh7 68. Kb6 g6 69. Kc6 Rf5 70. Kd6 Kg7 71. Qd4+ Kf7 72. Kd7 Kg8 73. Ke7 Kh7 74. Ke6 Kg8 75. Qg4 Kg7 76. Qh4 Rh5 77. Qd4+ Kh7 78. Qd7+ Kh6 79. Kf7 Rf5+ 80. Kg8 Kh5 81. Kg7 Rg5 1-0

[Event "ESP-ch U16"]
[Site "Salobrena"]
[Date "2012.07.16"]
[Round "1"]
[White "Acosta Sosa, Juan Manuel"]
[Black "Gonzalez Capacete, Jose Miguel"]
[Result "1-0"]
[WhiteElo "2166"]
[BlackElo "1781"]
[PlyCount "43"]
[EventDate "2012.07.16"]
[EventType "swiss"]
[EventRounds "9"]
[EventCountry "ESP"]
[SourceTitle "EXT 2014"]
[Source "ChessBase"]
[SourceDate "2013.11.20"]
[SourceVersion "1"]
[SourceVersionDate "2013.11.20"]
[SourceQuality "1"]

1. c4 Nf6 2. Nc3 g6 3. g3 Bg7 4. Bg2 d6 5. d4 0-0 6. Nf3 Nbd7 7. 0-0 c6 8. h3 Qc7 9. g4 e5 10. e3 Ne8 11. dxe5 dxe5 12. Qc2 f5 13. gxf5 gxf5 14. e4 Nc5 15. Re1 Nd6 16. Nd2 Qf7 17. f3 Nxc4 18. Nxc4 Qxc4 19. Be3 f4 20. Bf1 Qb4 21. Nd5 cxd5 22. Bxc5 1-0

[Event "Las Palmas Montalvo Memorial 5th"]
[Site "Las Palmas"]
[Date "2012.04.07"]
[Round "8"]
[White "Acosta Sosa, Juan Manuel"]
[Black "Guerra Arrocha, Daniel"]
[Result "1-0"]
[WhiteElo "2141"]
[BlackElo "1771"]
[PlyCount "47"]
[EventDate "2012.04.02"]
[EventType "swiss"]
[EventRounds "9"]
[EventCountry "ESP"]
[SourceTitle "CBM 147 Extra"]
[Source "ChessBase"]
[SourceDate "2012.04.24"]
[SourceVersion "1"]
[SourceVersionDate "2012.04.24"]
[SourceQuality "1"]

1. c4 f5 2. g3 Nf6 3. Bg2 e6 4. Nc3 d5 5. d4 c6 6. cxd5 exd5 7. Nh3 Bd6 8. 0-0 0-0 9. Bf4 Ne4 10. f3 Nxc3 11. bxc3 Bxf4 12. Nxf4 g5 13. Nd3 Nd7 14. Qb3 Nb6 15. Ne5 Re8 16. e4 fxe4 17. fxe4 Be6 18. Qd1 dxe4 19. Bxe4 Qe7 20. Qh5 Qg7 21. Rf6 Bg4 22. Bxh7+ Kh8 23. Ng6+ Qxg6 24. Qxg6 1-0

[Event "Las Palmas Montalvo Memorial 5th"]
[Site "Las Palmas"]
[Date "2012.04.05"]
[Round "4"]
[White "Acosta Sosa, Juan Manuel"]
[Black "Aguila Hernandez, Eduardo"]
[Result "1-0"]
[WhiteElo "2141"]
[BlackElo "1864"]
[PlyCount "79"]
[EventDate "2012.04.02"]
[EventType "swiss"]
[EventRounds "9"]
[EventCountry "ESP"]
[SourceTitle "CBM 147 Extra"]
[Source "ChessBase"]
[SourceDate "2012.04.24"]
[SourceVersion "1"]
[SourceVersionDate "2012.04.24"]
[SourceQuality "1"]

1. c4 Nf6 2. Nc3 e6 3. d4 Bb4 4. g3 d5 5. Bg2 Nbd7 6. cxd5 exd5 7. Qb3 Bxc3+ 8. bxc3 Nb6 9. Nh3 Bxh3 10. Bxh3 0-0 11. 0-0 Re8 12. e3 Ne4 13. Bg2 Qd7 14. a4 Qc6 15. a5 Nc4 16. Ra2 b6 17. a6 Na5 18. Qc2 Qc4 19. Ra4 Qxa6 20. f3 Nd6 21. e4 c6 22. e5 Nb5 23. f4 Qc8 24. f5 f6 25. e6 Nc4 26. g4 Qd8 27. Rxc4 dxc4 28. Bxc6 Nxd4 29. cxd4 Qxd4+ 30. Kh1 Rac8 31. Bxe8 Rxe8 32. Qg2 h6 33. Qb7 Re7 34. Qf3 b5 35. Rd1 Qb6 36. Be3 Qb8 37. Rd7 Re8 38. g5 hxg5 39. Qh5 Rd8 40. Qf7+ 1-0

[Event "Las Palmas Montalvo Memorial 5th"]
[Site "Las Palmas"]
[Date "2012.04.03"]
[Round "2"]
[White "Acosta Sosa, Juan Manuel"]
[Black "Barlov, Dragan"]
[Result "0-1"]
[WhiteElo "2141"]
[BlackElo "2443"]
[PlyCount "44"]
[EventDate "2012.04.02"]
[EventType "swiss"]
[EventRounds "9"]
[EventCountry "ESP"]
[SourceTitle "CBM 147 Extra"]
[Source "ChessBase"]
[SourceDate "2012.04.24"]
[SourceVersion "1"]
[SourceVersionDate "2012.04.24"]
[SourceQuality "1"]

1. c4 Nf6 2. Nc3 g6 3. g3 Bg7 4. Bg2 0-0 5. d3 c6 6. e4 d6 7. Nge2 Na6 8. 0-0 Nc7 9. Rb1 e5 10. d4 Ne6 11. d5 Nd4 12. Nxd4 exd4 13. Qxd4 Nxd5 14. Qd3 Nxc3 15. bxc3 Qa5 16. Rb3 Be6 17. Rxb7 Qa6 18. Rb2 Bxc4 19. Qxd6 Rad8 20. Qc5 Bxf1 21. Bxf1 Rd1 22. c4 Rxc1 0-1

[Event "Las Palmas op 32nd"]
[Site "Las Palmas"]
[Date "2011.12.04"]
[Round "4"]
[White "Acosta Sosa, Juan Manuel"]
[Black "Capote Robayna, Johanna"]
[Result "1-0"]
[WhiteElo "2136"]
[BlackElo "1832"]
[PlyCount "79"]
[EventDate "2011.12.02"]
[EventType "swiss"]
[EventRounds "9"]
[EventCountry "ESP"]
[SourceTitle "CBM 145 Extra"]
[Source "ChessBase"]
[SourceDate "2012.01.03"]
[SourceVersion "1"]
[SourceVersionDate "2012.01.03"]
[SourceQuality "1"]

1. c4 Nf6 2. Nc3 g6 3. g3 Bg7 4. Bg2 d6 5. d4 0-0 6. Nf3 Nbd7 7. 0-0 e5 8. dxe5 dxe5 9. h3 Re8 10. Be3 c6 11. Qc1 Qe7 12. Rd1 Rd8 13. a3 a5 14. Qc2 h6 15. Na4 Re8 16. Rac1 Rb8 17. Qd2 b5 18. cxb5 cxb5 19. Nc5 Kh7 20. Qxa5 Nb6 21. Qxb5 Nbd7 22. Qa5 Rxb2 23. Nd2 Nxc5 24. Bxc5 Qe6 25. Nc4 Rxe2 26. Nd6 Rg8 27. Qc7 Bd7 28. Qb7 Qa2 29. Bf1 Rb2 30. Bc4 Rxb7 31. Bxa2 Rb2 32. Bxf7 Rgb8 33. Nc4 Re2 34. Bd6 Rb5 35. a4 Rb7 36. Nxe5 Bf5 37. g4 Nxg4 38. hxg4 Bxe5 39. Bc4 Bb2 40. Bxe2 1-0

[Event "ESP-ch U16"]
[Site "Padron"]
[Date "2011.07.23"]
[Round "7"]
[White "Acosta Sosa, Juan Manuel"]
[Black "Martin Duque, Jesus"]
[Result "0-1"]
[WhiteElo "2047"]
[BlackElo "2108"]
[PlyCount "106"]
[EventDate "2011.07.19"]
[EventType "swiss"]
[EventRounds "9"]
[EventCountry "ESP"]
[SourceTitle "CBM 143 Extra"]
[Source "ChessBase"]
[SourceDate "2011.08.29"]
[SourceVersion "1"]
[SourceVersionDate "2011.08.29"]
[SourceQuality "1"]

1. d4 d5 2. c4 e6 3. Nc3 c5 4. cxd5 exd5 5. Nf3 Nc6 6. g3 Nf6 7. Bg2 Be7 8. 0-0 0-0 9. dxc5 Bxc5 10. Bg5 d4 11. Ne4 Be7 12. Nxf6+ Bxf6 13. Bxf6 Qxf6 14. Qd2 Be6 15. b3 h6 16. Rfd1 Rfd8 17. Rac1 Rac8 18. Qf4 Qxf4 19. gxf4 Kf8 20. Rc2 Rd6 21. Rcd2 Rcd8 22. e4 Bg4 23. Rc1 Bxf3 24. Bxf3 f6 25. a3 g5 26. f5 Ne5 27. Be2 d3 28. Bd1 Rc6 29. Rxc6 bxc6 30. b4 g4 31. h3 h5 32. hxg4 hxg4 33. f3 gxf3 34. Kf2 Rd4 35. Ke3 Rc4 36. Bxf3 Rc3 37. Bd1 Rxa3 38. Kd4 a5 39. bxa5 Rxa5 40. Rb2 c5+ 41. Kd5 c4+ 42. Kd4 Ra3 43. Rb6 Kg7 44. Rb5 Ra1 45. Bh5 d2 46. Kd5 d1Q+ 47. Bxd1 Rxd1+ 48. Ke6 Ng4 49. Rb7+ Kh6 50. Rc7 Rd4 51. e5 Re4 52. Kf7 Rxe5 53. Rxc4 Kg5 0-1